000 00663nam a22001937a 4500
005 20251108165500.0
008 250721s1979 xx 000 0 ara d
082 1 4 _aم/217.5/أحم
100 1 _aإبن الجوزي، أبو الفرج عبد الرحمن
245 1 0 _aمناقب الإمام أحمد بن حنبل /
264 1 _aالقاهره :
_bمكتبة الخانجي،
_c1979.
300 _a640ص : فهارس
650 1 7 _aالإسلام
650 1 7 _aالفقه الإسلامي
650 1 7 _aالفقه الحنبلي
700 1 _aالتركي، عبد الله بن عبد المحسن
_eتحقيق
942 _2ddc
_cREF
999 _c28974
_d28974